Handbook on the economics of sport / (Record no. 2257)
[ view plain ]
| 000 -LEADER | |
|---|---|
| fixed length control field | 00981nam a2200241 a 4500 |
| 005 - DATE AND TIME OF LATEST TRANSACTION | |
| control field | 20260112063249.0 |
| 020 ## - INTERNATIONAL STANDARD BOOK NUMBER | |
| International Standard Book Number | 9781848443518 |
| 039 ## - LEVEL OF BIBLIOGRAPHIC CONTROL AND CODING DETAIL [OBSOLETE] | |
| Level of rules in bibliographic description | 202111081257 |
| Level of effort used to assign nonsubject heading access points | staff |
| Level of effort used to assign subject headings | 201908241133 |
| Level of effort used to assign classification | staff |
| Level of effort used to assign subject headings | 201212060006 |
| Level of effort used to assign classification | staff |
| Level of effort used to assign subject headings | 201106300537 |
| Level of effort used to assign classification | staff |
| -- | 201003072321 |
| -- | staff |
| 082 ## - DEWEY DECIMAL CLASSIFICATION NUMBER | |
| Classification number | 338.47796 |
| Item number | WLA [ Shelf 15 ] |
| 245 ## - TITLE STATEMENT | |
| Title | Handbook on the economics of sport / |
| Statement of responsibility, etc. | edited by Wladimir Andreff, Stefan Szymanski. |
| 260 ## - PUBLICATION, DISTRIBUTION, ETC. | |
| Place of publication, distribution, etc. | North Hampton, MA : |
| Name of publisher, distributor, etc. | Edward Elgar, |
| Date of publication, distribution, etc. | 2005. |
| 263 ## - PROJECTED PUBLICATION DATE | |
| Projected publication date | 0603 |
| 300 ## - PHYSICAL DESCRIPTION | |
| Extent | 830p. |
| Dimensions | 24cm. |
| 440 ## - SERIES STATEMENT/ADDED ENTRY--TITLE | |
| Title | Elgar original reference |
| 504 ## - BIBLIOGRAPHY, ETC. NOTE | |
| Bibliography, etc. note | Includes bibliographical references and index. |
| 650 ## - SUBJECT ADDED ENTRY--TOPICAL TERM | |
| Topical term or geographic name entry element | Sports |
| General subdivision | Economic aspects |
| Form subdivision | Handbooks, manuals, etc. |
| 650 ## - SUBJECT ADDED ENTRY--TOPICAL TERM | |
| Topical term or geographic name entry element | Professional sports |
| General subdivision | Economic aspects |
| Form subdivision | Handbooks, manuals, etc. |
| 700 ## - ADDED ENTRY--PERSONAL NAME | |
| Personal name | Andreff, Wladimir, |
| Dates associated with a name | 1946- |
| 700 ## - ADDED ENTRY--PERSONAL NAME | |
| Personal name | Szymanski, Stefan, |
| Dates associated with a name | 1960- |
| 991 ## - | |
| -- | VIRTUA40 |
| 991 ## - | |
| -- | VTLSSORT0080*0200*0820*2450*2600*2630*3000*4400*5040*6500*6501*7000*7001*9992 |
| 909 ## - | |
| -- | 2356 |
| Withdrawn status | Lost status | Damaged status | Not for loan | Home library | Current library | Date acquired | Total checkouts | Full call number | Barcode | Copy number | Koha item type |
|---|---|---|---|---|---|---|---|---|---|---|---|
| Indian Institute Of Management, Shillong | Indian Institute Of Management, Shillong | 22/03/2010 | 338.47796 WLA [ Shelf 15 ] | 0008009 | Reference |